|
|
|
|
| LEADER |
00000cam a2200000 c 4500 |
| 001 |
1380499372 |
| 003 |
DE-627 |
| 005 |
20240503203906.0 |
| 007 |
tu |
| 008 |
090908s1898 xx ||||| 00| ||ita c |
| 035 |
|
|
|a (DE-627)1380499372
|
| 035 |
|
|
|a (DE-576)310499372
|
| 035 |
|
|
|a (DE-599)BSZ310499372
|
| 035 |
|
|
|a (OCoLC)635553321
|
| 040 |
|
|
|a DE-627
|b ger
|c DE-627
|e rakwb
|
| 041 |
|
|
|a ita
|
| 084 |
|
|
|a 1
|2 ssgn
|
| 100 |
1 |
|
|0 (DE-588)118605933
|0 (DE-627)133818195
|0 (DE-576)162870248
|4 aut
|a Savonarola, Girolamo
|d 1452-1498
|
| 109 |
|
|
|a Ferrara, Hieronymus S. de 1452-1498
|a Ferrara, Hieronymo da 1452-1498
|a Ferraria, Hieronymus S. de 1452-1498
|a Savonarola 1452-1498
|a Savonarola, Jérôme 1452-1498
|a Savonaruola, Hieronymus 1452-1498
|a Savonarole, Jérôme 1452-1498
|a Savonorola, Hieronymus Nicolaus 1452-1498
|a Hieronymus de Ferraria 1452-1498
|a Savanarolo, Girolamo 1452-1498
|a Savanarola, Hieronymus 1452-1498
|a Savonarola de Ferrara, Hieronymus 1452-1498
|a Savonarola, Hieronimus 1452-1498
|a Savonarola, Ireonimo 1452-1498
|a Hieronymus von Ferrar 1452-1498
|a Savonarola, Hieronymus 1452-1498
|a Ferrar, Hieronymus von 1452-1498
|a Savonarola, Ieronimo 1452-1498
|a Savonarola, Girolamo-Maria-Francesco-Matteo 1452-1498
|a Savonarola, Ieronimus 1452-1498
|a Savonarola, Jironimo 1452-1498
|a Ferrara, Hieronymus de 1452-1498
|a Sauonarola, Hieronymus 1452-1498
|a Ieronimo 1452-1498
|a Savonarola, Jeronimus 1452-1498
|a Girolamo Savonarola 1452-1498
|a Savonorola Ferrariensis, Hieronymus Nicolaus 1452-1498
|a Savonarola de Ferraria, Hieronymus 1452-1498
|a Jeronimo da Ferrara 1452-1498
|a Savonarola, Jeróm 1452-1498
|a Hieronymus von Ferrara 1452-1498
|a Hieronymus aus Ferrara 1452-1498
|a Hieronymus Bruder 1452-1498
|a Hieronymus da Ferrara 1452-1498
|a Hieronymus Florentinensis 1452-1498
|a Savonarola, Girolami 1452-1498
|a Jérôme 1452-1498
|a Savonarola, Ireonimus 1452-1498
|a Hieronymus de Ferrariis 1452-1498
|a Nicolai Savonorola, Hieronymus 1452-1498
|a Savonarola, Jeronimo 1452-1498
|a Girolamo da Ferrara 1452-1498
|a Savonarola, Girolamo Maria Francesco Matteo 1452-1498
|a Jérôme Savonarole 1452-1498
|a Hieronymus de Ferrara 1452-1498
|a Jérôme de Ferrare 1452-1498
|a Savonarola, Girolamo 1452-1498
|a Giralomo Savonarola 1452-1498
|a Savonarola, Gerolamo 1452-1498
|a Ferraria, Hieronymus de 1452-1498
|a Savonarola, Girolamo M. 1452-1498
|a Hieronymus Savonarola 1452-1498
|a Hieronymus von Ferraria 1452-1498
|a Ferraria, Jeronimo 1452-1498
|a Ieronimo da Ferrara 1452-1498
|a Savanarola, Girolamo 1452-1498
|a Hieronymo da Ferrara 1452-1498
|a Hieronymus van Ferraria 1452-1498
|a Hieronimus de Ferraria 1452-1498
|a Savanorola, Girolamo 1452-1498
|a Jeronimus Ferrariensis 1452-1498
|a Hieronymus 1452-1498
|a Jeronimus 1452-1498
|a Hieronymo 1452-1498
|
| 245 |
1 |
0 |
|a Scelta di prediche e scritti di fra Girolamo Savonarola
|b con nuovi documenti intorno alla sua vita
|c P. Villari, E. Casanova
|
| 264 |
|
1 |
|a Firenze
|b Sansoni
|c 1898
|
| 300 |
|
|
|a XI, 520 S.
|b Ill.
|
| 336 |
|
|
|a Text
|b txt
|2 rdacontent
|
| 337 |
|
|
|a ohne Hilfsmittel zu benutzen
|b n
|2 rdamedia
|
| 338 |
|
|
|a Band
|b nc
|2 rdacarrier
|
| 583 |
1 |
|
|a Archivierung prüfen
|c 20200919
|f DE-640
|z 3
|2 pdager
|
| 583 |
1 |
|
|a Archivierung/Langzeitarchivierung gewährleistet
|f SSG
|x XA-DE-BW
|2 pdager
|5 DE-21
|
| 700 |
1 |
|
|0 (DE-588)118804596
|0 (DE-627)134710827
|0 (DE-576)163419167
|4 oth
|a Villari, Pasquale
|d 1827-1917
|
| 700 |
1 |
|
|a Casanova, Eugenio
|4 oth
|
| 951 |
|
|
|a BO
|
| ELC |
|
|
|b 1
|
| ITA |
|
|
|a 1
|t 1
|
| LOK |
|
|
|0 000 xxxxxcx a22 zn 4500
|
| LOK |
|
|
|0 001 2746646145
|
| LOK |
|
|
|0 003 DE-627
|
| LOK |
|
|
|0 004 1380499372
|
| LOK |
|
|
|0 005 20130516115126
|
| LOK |
|
|
|0 008 130516||||||||||||||||ger|||||||
|
| LOK |
|
|
|0 040
|a DE-21
|c DE-627
|d DE-21
|
| LOK |
|
|
|0 852
|a DE-21
|
| LOK |
|
|
|0 852 1
|c Gb 359 a
|9 00
|
| LOK |
|
|
|0 935
|a dika
|a theo
|
| LOK |
|
|
|0 939
|a 16-05-13
|b l01
|
| ORI |
|
|
|a SA-MARC-ixtheoa001.raw
|